| 000 | 00828nam a2200181Ia 4500 | ||
|---|---|---|---|
| 008 | 151018s9999 xx 000 0 und d | ||
| 082 |
_bRBASDV5209 _a110 |
||
| 100 | _aके वि बेलसरे | ||
| 245 | _aअध्यात्म दर्शन अर्थात सुखी जीवनाची रूपरेषा | ||
| 250 | _b1 | ||
| 260 |
_bप्रसाद प्रकाशन मुंबई _c1962 |
||
| 300 | _a523 | ||
| 600 | _aके वि बेलसरे | ||
| 630 | _aअध्यात्म दर्शन अर्थात सुखी जीवनाची रूपरेषा | ||
| 700 | _aके वि बेलसरे | ||
| 730 | _aअध्यात्म दर्शन अर्थात सुखी जीवनाची रूपरेषा | ||
| 942 | _cBOOK | ||
| 999 |
_c1007592 _d1007589 |
||